Centroamérica: Pobreza y empleo rural
El trabajo busca realizar una descripción y un análisis del empleo femenino en las áreas rurales de Honduras y Panamá, comparando los resultados de las encuestas de hogares y sus suplementos agropecuarios del año 1987. Se utiliza el concepto de la división del trabajo por género, con el fin de compr...
Gardado en:
| Autor Corporativo: | |
|---|---|
| Formato: | Desconocido |
| Publicado: |
Ginebra:
OIT.PREALC
|
| Materias: | |
| Etiquetas: |
Engadir etiqueta
Sen Etiquetas, Sexa o primeiro en etiquetar este rexistro!
|
MARC
| LEADER | 00000 a2200000 04500 | ||
|---|---|---|---|
| 001 | 32863 | ||
| 003 | |||
| 008 | 991231s d | ||
| 040 | |||
| 090 | |a 204804 | ||
| 110 | |a Organización Internacional del Trabajo | ||
| 245 | |a Centroamérica: Pobreza y empleo rural | ||
| 260 | |a Ginebra: |b OIT.PREALC | ||
| 300 | |a 341 p. | ||
| 520 | |a El trabajo busca realizar una descripción y un análisis del empleo femenino en las áreas rurales de Honduras y Panamá, comparando los resultados de las encuestas de hogares y sus suplementos agropecuarios del año 1987. Se utiliza el concepto de la división del trabajo por género, con el fin de comprender el empelo femenino en las áreas tradicionales rurales. Luego de una descripción metodológica, se trabaja analizando la estructura del empleo femenino rural en Honduras y Panamá se enfatiza en el sector agropecuario | ||
| 650 | |a ENCUESTAS DE HOGARES | ||
| 650 | |a TRABAJDORAS | ||
| 650 | |a MUJERES RURALES | ||
| 650 | |a EMPLEO RURAL | ||
| 650 | |a HONDURAS Y PANAMA | ||
| 999 | |c 15591 |d 15591 | ||
